Loading...
| Literature - American Literature | 0 | 5 | 3 | 0 | 35 | 109 | 128.00 | 0 | 1 |
| Science - Physics | 0 | 3 | 0 | 0 | 30 | 86 | 102.00 | 0 | 0 |
| Mythology | 0 | 3 | 0 | 0 | 30 | 66 | 103.00 | 0 | 0 |
| History - Other History | 0 | 3 | 0 | 0 | 30 | 91 | 125.33 | 0 | 0 |
| Religion | 0 | 2 | 0 | 0 | 20 | 93 | 103.00 | 0 | 0 |
| Literature - British Literature | 0 | 2 | 1 | 0 | 15 | 96 | 111.50 | 0 | 1 |
| Literature - European Literature | 0 | 1 | 0 | 0 | 10 | 139 | 139.00 | 0 | 0 |
| Science - Other Science | 0 | 2 | 2 | 0 | 10 | 93 | 103.50 | 0 | 0 |
| Science - Chemistry | 0 | 2 | 3 | 1 | 5 | 84 | 109.50 | 0 | 0 |
| Literature - World Literature | 0 | 0 | 0 | 0 | 0 | 0.00 | 0 | 0 | |
| Other Academic | 0 | 0 | 0 | 0 | 0 | 0.00 | 0 | 0 | |
| Science - Biology | 0 | 2 | 4 | 0 | 0 | 94 | 108.00 | 0 | 0 |
| History - World History | 0 | 0 | 1 | 0 | -5 | 0.00 | 0 | 0 | |
| Geography | 0 | 0 | 2 | 0 | -10 | 0.00 | 0 | 0 | |
| History - European History | 0 | 0 | 2 | 0 | -10 | 0.00 | 0 | 0 | |
| Fine Arts - Other Fine Arts | 0 | 0 | 2 | 0 | -10 | 0.00 | 0 | 0 |